Cuando mi tierra fue moza: Umbrales del futuro
Guardat en:
| Autor principal: | |
|---|---|
| Format: | Llibre |
| Idioma: | espanyol |
| Publicat: |
Santiago
Nascimento
1946
|
| Edició: | 1a. ed |
| Matèries: | |
| Etiquetes: |
Afegir etiqueta
Sense etiquetes, Sigues el primer a etiquetar aquest registre!
|
MARC
| LEADER | 00000nam a2200000 a 4500 | ||
|---|---|---|---|
| 001 | UCJ3488 | ||
| 003 | CL-VaPUC | ||
| 005 | 20201112180836.0 | ||
| 008 | 070124e19460000CL |||||||||||||||||spa|d | ||
| 999 | |c 319610 |d 319608 | ||
| 040 | |c Pontificia Universidad Católica de Valparaíso | ||
| 082 | 0 | 4 | |a Ch863 |b ECH |2 21 |
| 100 | |a Echeverría Bello de Larraín, Inés |e author |q Iris |9 858182 | ||
| 245 | 1 | 0 | |a Cuando mi tierra fue moza: Umbrales del futuro |
| 250 | |a 1a. ed | ||
| 260 | |a Santiago |b Nascimento |c 1946 | ||
| 300 | |a 370 p | ||
| 583 | |a last modification |c 20070124 00:00:00 |k Rodrigo Vera | ||
| 650 | 7 | |a NOVELA HISTORICA |2 CL-VaPUC |9 315497 | |
| 852 | |a BIBCUR | ||
| 942 | |c BK |2 ddc | ||
| 945 | |d 20070124 00:00:00 |a rinostro | ||
| 952 | |0 0 |1 0 |4 0 |6 CH_863_000000000000000_ECH_1946 |7 0 |8 X |9 397962 |a FDOBUD |b FDOBUD |d 2019-11-22 |i 1004263 |o Ch863 ECH 1946 |p 1004263 |r 2019-11-22 |w 2019-11-22 |y BK_X |k BUD | ||